| 000 | 00423nam a22001697a 4500 | ||
|---|---|---|---|
| 005 | 20250123171824.0 | ||
| 008 | 250109b |||||||| |||| 00| 0 eng d | ||
| 020 | _a97815-43348-19-4 | ||
| 041 | _aEnglish | ||
| 082 | _aPS 610.7368 GUP DB1329 | ||
| 100 | _aGupta Ram | ||
| 245 | _aTextbook of Mental Health Nursing-II | ||
| 260 |
_aJalandhar _bS. Vikas & Company |
||
| 300 | _a365p | ||
| 365 | _bRs.455 | ||
| 942 | _cDB | ||
| 999 |
_c362487 _d362487 |
||